[Event "CZE-chT2A 1011"]
[Site "Czech Republic"]
[Date "2011.01.09"]
[Round "5"]
[White "Kuca, Tomas"]
[Black "Houdek, Pavel"]
[Result "0-1"]
[WhiteElo "1642"]
[BlackElo "2082"]
[PlyCount "44"]
[EventDate "2010.10.17"]
[EventType "team-tourn"]
[EventRounds "11"]
[EventCountry "CZE"]
[SourceTitle "EXT 2012"]
[Source "ChessBase"]
[SourceDate "2011.11.24"]
[SourceVersion "1"]
[SourceVersionDate "2011.11.24"]
[SourceQuality "1"]
[WhiteTeam "Domazlice"]
[BlackTeam "Tabor II"]
[WhiteTeamCountry "CZE"]
[BlackTeamCountry "CZE"]

1. e4 e5 2. Nf3 Nc6 3. Bb5 a6 4. Ba4 Nf6 5. 0-0 Be7 6. Re1 b5 7. Bb3 0-0 8. c3 d5 9. Bc2 dxe4 10. Bxe4 Nxe4 11. Rxe4 Bf5 12. Re1 e4 13. Qc2 Bg6 14. Rxe4 Bf6 15. d3 Bxe4 16. dxe4 Qd6 17. Be3 Rad8 18. Nbd2 Rfe8 19. Re1 Ne5 20. Bg5 Bxg5 21. Nxg5 Qxd2 22. Qb1 Qxg5 0-1

[Event "CZE-chT2A 0809"]
[Site "Czech Republic"]
[Date "2009.01.11"]
[Round "6.8"]
[White "Houdek, Pavel"]
[Black "Routner, Jakub"]
[Result "1/2-1/2"]
[WhiteElo "2106"]
[BlackElo "2086"]
[PlyCount "82"]
[EventDate "2008.10.12"]
[EventType "team-tourn"]
[EventRounds "11"]
[EventCountry "CZE"]
[SourceTitle "EXT 2010"]
[Source "ChessBase"]
[SourceDate "2010.11.25"]
[SourceVersion "1"]
[SourceVersionDate "2010.11.25"]
[SourceQuality "1"]
[WhiteTeam "Tabor Sokol"]
[BlackTeam "Kobylisy"]
[WhiteTeamCountry "CZE"]
[BlackTeamCountry "CZE"]

1. e4 g6 2. d4 Bg7 3. c3 d6 4. Nf3 Nf6 5. Bd3 0-0 6. 0-0 Nbd7 7. Re1 e5 8. Nbd2 c6 9. Nf1 Nh5 10. Bc4 h6 11. dxe5 dxe5 12. Be3 Qe7 13. Qd2 Kh7 14. Ng3 Nxg3 15. hxg3 Nc5 16. Bxc5 Qxc5 17. Bb3 Bf6 18. Rad1 Kg7 19. Qe3 Qxe3 20. Rxe3 Bg4 21. Red3 Rad8 22. Rxd8 Bxd8 23. Rd3 Bc7 24. Ne1 Rd8 25. Rxd8 Bxd8 26. Nd3 Bc7 27. Kf1 Bc8 28. Ke2 f5 29. exf5 gxf5 30. f3 Kf6 31. Ke3 Bb6+ 32. Ke2 Bd7 33. Bc2 Be6 34. b3 Bf7 35. Nf2 Bd5 36. c4 Be6 37. Nd1 Bd4 38. Ne3 a5 39. g4 Bxe3 40. gxf5 Bf4 41. fxe6 Kxe6 1/2-1/2

[Event "CZE-chT2A 0809"]
[Site "Czech Republic"]
[Date "2008.11.09"]
[Round "2.8"]
[White "Houdek, Pavel"]
[Black "Cvikl, Michal"]
[Result "1-0"]
[WhiteElo "2106"]
[BlackElo "2058"]
[PlyCount "137"]
[EventDate "2008.10.12"]
[EventType "team-tourn"]
[EventRounds "11"]
[EventCountry "CZE"]
[SourceTitle "EXT 2010"]
[Source "ChessBase"]
[SourceDate "2010.11.25"]
[SourceVersion "1"]
[SourceVersionDate "2010.11.25"]
[SourceQuality "1"]
[WhiteTeam "Tabor Sokol"]
[BlackTeam "Kozolupy"]
[WhiteTeamCountry "CZE"]
[BlackTeamCountry "CZE"]

1. e4 c5 2. Nf3 Nc6 3. Nc3 e6 4. d4 cxd4 5. Nxd4 a6 6. Be2 Qc7 7. 0-0 Nf6 8. Bg5 Be7 9. Qd2 0-0 10. a4 b6 11. Nxc6 dxc6 12. Bf3 Bb7 13. Bf4 e5 14. Bg5 Rfd8 15. Qe2 a5 16. Rfd1 Ba6 17. Qe1 Rxd1 18. Rxd1 Rd8 19. Be2 Bxe2 20. Qxe2 Ne8 21. Be3 Rxd1+ 22. Qxd1 Bd8 23. Kf1 f6 24. Qd3 Nd6 25. Bxb6 Qxb6 26. Qxd6 Kf7 27. b3 Be7 28. Qd3 Bc5 29. Nd1 Ke7 30. Ke2 Bd4 31. Ne3 Bxe3 32. Qxe3 c5 33. Qd3 Qb4 34. f3 Ke6 35. Qd2 Qb6 36. Qd5+ Ke7 37. Qg8 Qa6+ 38. Kf2 g5 39. Qxh7+ Ke6 40. Qc7 Qa8 41. Qxc5 Qh8 42. Kg1 g4 43. f4 exf4 44. Qf5+ Ke7 45. Qxf4 Qc8 46. Qd2 Qc5+ 47. Kf1 Qe5 48. g3 Kf8 49. Qf4 Qb2 50. Qd6+ Kf7 51. Qd3 Ke7 52. Kg2 Qc1 53. h3 gxh3+ 54. Kxh3 Qh1+ 55. Kg4 Qb1 56. Kf3 Qe1 57. Qe3 Qd1+ 58. Qe2 Qg1 59. e5 fxe5 60. Qxe5+ Kd7 61. Qd5+ Ke7 62. Qd3 Kf6 63. Ke4 Ke6 64. Qd5+ Ke7 65. Qxa5 Qg2+ 66. Kd3 Qxg3+ 67. Kc4 Qg2 68. Qc5+ Ke8 69. Kb4 1-0

[Event "CZE-chT2a 0607"]
[Site "Czech Republic"]
[Date "2007.02.25"]
[Round "8.7"]
[White "Havlik, Jindrich"]
[Black "Houdek, Pavel"]
[Result "1-0"]
[WhiteElo "1975"]
[BlackElo "2004"]
[PlyCount "47"]
[EventDate "2006.10.15"]
[EventType "team"]
[EventRounds "11"]
[EventCountry "CZE"]
[SourceTitle "EXT 2009"]
[Source "ChessBase"]
[SourceDate "2008.11.26"]
[SourceVersion "1"]
[SourceVersionDate "2008.11.26"]
[SourceQuality "1"]
[WhiteTeam "Plzen IC"]
[BlackTeam "Tabor II"]
[WhiteTeamCountry "CZE"]
[BlackTeamCountry "CZE"]

1. e4 e5 2. Nc3 Nc6 3. g3 Nf6 4. Bg2 Bc5 5. d3 d6 6. Na4 Bb6 7. Nxb6 axb6 8. Ne2 Be6 9. f4 exf4 10. gxf4 Bg4 11. Be3 Nh5 12. 0-0 0-0 13. Qe1 Qf6 14. Nc3 Bd7 15. Kh1 Qd8 16. Bf3 Nf6 17. f5 h6 18. Rg1 Kh7 19. Qh4 Rg8 20. Rg3 Ne8 21. Bg5 f6 22. Bxh6 gxh6 23. Rag1 Rg5 24. Rh3 1-0

[Event "CZE-chT2a 0607"]
[Site "Czech Republic"]
[Date "2006.12.03"]
[Round "4.8"]
[White "Houdek, Pavel"]
[Black "Simecek, Alexej"]
[Result "1/2-1/2"]
[WhiteElo "2004"]
[BlackElo "2165"]
[PlyCount "74"]
[EventDate "2006.10.15"]
[EventType "team"]
[EventRounds "11"]
[EventCountry "CZE"]
[SourceTitle "EXT 2009"]
[Source "ChessBase"]
[SourceDate "2008.11.26"]
[SourceVersion "1"]
[SourceVersionDate "2008.11.26"]
[SourceQuality "1"]
[WhiteTeam "Tabor II"]
[BlackTeam "Praha Praga"]
[WhiteTeamCountry "CZE"]
[BlackTeamCountry "CZE"]

1. e4 c6 2. d4 d5 3. exd5 cxd5 4. Bd3 Nc6 5. c3 Nf6 6. Bg5 e6 7. Nf3 Be7 8. 0-0 0-0 9. Re1 a6 10. Ne5 Nxe5 11. dxe5 Nd7 12. Bxe7 Qxe7 13. Nd2 h6 14. Nf3 b5 15. Nd4 b4 16. cxb4 Qxb4 17. b3 Bb7 18. a3 Qb6 19. Rc1 Rfc8 20. Qd2 Rxc1 21. Rxc1 Nxe5 22. Bb1 Nd7 23. b4 Kf8 24. Nb3 Nf6 25. Nc5 Bc6 26. Qe3 Kg8 27. Nxe6 Qxe3 28. fxe3 Bb5 29. Nf4 g5 30. Nd3 Re8 31. Re1 Ng4 32. h3 Nxe3 33. Nc5 Kf8 34. Kf2 d4 35. Nb3 Nc4 36. Rxe8+ Bxe8 37. Bd3 Nxa3 1/2-1/2

[Event "CZE-chT2a 0607"]
[Site "Czech Republic"]
[Date "2006.11.05"]
[Round "2.7"]
[White "Danek, Vaclav"]
[Black "Houdek, Pavel"]
[Result "1/2-1/2"]
[WhiteElo "1993"]
[BlackElo "2004"]
[PlyCount "143"]
[EventDate "2006.10.15"]
[EventType "team"]
[EventRounds "11"]
[EventCountry "CZE"]
[SourceTitle "EXT 2009"]
[Source "ChessBase"]
[SourceDate "2008.11.26"]
[SourceVersion "1"]
[SourceVersionDate "2008.11.26"]
[SourceQuality "1"]
[WhiteTeam "Plzen Loko"]
[BlackTeam "Tabor II"]
[WhiteTeamCountry "CZE"]
[BlackTeamCountry "CZE"]

1. b4 d5 2. Bb2 Bf5 3. Nf3 e6 4. e3 Nf6 5. b5 c5 6. c4 Be7 7. Be2 0-0 8. 0-0 dxc4 9. Bxc4 Bd3 10. Bxd3 Qxd3 11. a4 Rd8 12. Ne5 Qd5 13. d4 Nbd7 14. Nc3 Qd6 15. Nxd7 Rxd7 16. dxc5 Qxc5 17. Qe2 Rad8 18. Rfd1 Rxd1+ 19. Rxd1 Rxd1+ 20. Qxd1 Qb4 21. Qa1 h5 22. h3 Nd7 23. Ne2 Bf6 24. Bxf6 Nxf6 25. Kh2 Qd2 26. Qf1 Qc2 27. Nd4 Qxa4 28. Qc1 Qa2 29. Qc8+ Kh7 30. Qxb7 Qxf2 31. Qf3 Qxf3 32. gxf3 Nd5 33. Nc6 Nxe3 34. Nxa7 Nc4 35. Nc8 Na5 36. Nd6 Kg8 37. b6 Nc6 38. Ne4 h4 39. f4 f6 40. Kg2 Kf7 41. Nc5 Nb8 42. Kf3 f5 43. Ke3 Ke7 44. Kd4 Kd6 45. Kc4 e5 46. Nd3 exf4 47. Nxf4 g5 48. Nd3 g4 49. Kd4 gxh3 50. Nf2 h2 51. Ke3 Ke5 52. Nd3+ Kf6 53. Nf2 Kg5 54. Kf3 Nc6 55. Nh3+ Kf6 56. Kg2 Ke5 57. Kxh2 Kd6 58. Ng5 Ne5 59. Kh3 Kc6 60. b7 Kxb7 61. Kxh4 Kc6 62. Kg3 Ng6 63. Kf3 Kd5 64. Nf7 Ke6 65. Ng5+ Kf6 66. Nh3 Ne5+ 67. Kf4 Nd3+ 68. Ke3 Nc5 69. Kf4 Ne6+ 70. Kf3 Ke5 71. Ke3 f4+ 72. Nxf4 1/2-1/2

[Event "CZE-chT2J 0203"]
[Site "Czech Republic"]
[Date "2003.??.??"]
[Round "2"]
[White "Falout, Lubos"]
[Black "Houdek, Pavel"]
[Result "1/2-1/2"]
[WhiteElo "2198"]
[BlackElo "2043"]
[PlyCount "74"]
[EventDate "2002.10.??"]
[EventType "team"]
[EventRounds "11"]
[EventCountry "CZE"]
[SourceTitle "EXT 2007"]
[Source "ChessBase"]
[SourceDate "2006.11.23"]
[SourceVersion "1"]
[SourceVersionDate "2006.11.23"]
[SourceQuality "1"]

1. e4 e5 2. Nf3 Nc6 3. Bb5 a6 4. Ba4 d6 5. d4 b5 6. Bb3 Nxd4 7. Nxd4 exd4 8. c3 dxc3 9. Nxc3 Be6 10. 0-0 Nf6 11. Bg5 Be7 12. Bxe6 fxe6 13. Qb3 Qd7 14. Rad1 0-0 15. e5 Nd5 16. Nxd5 Bxg5 17. exd6 exd5 18. Qxd5+ Kh8 19. Qxg5 cxd6 20. Rd5 Qe6 21. Rfd1 Rae8 22. h3 h6 23. Qg3 Qf7 24. R1d2 Re1+ 25. Kh2 Re2 26. Rxd6 Rxd2 27. Rxd2 Qxa2 28. Qd6 Qf7 29. g3 Qf6 30. Qc5 Qf3 31. Qc7 Re8 32. Qd7 Re1 33. Qc8+ Kh7 34. Qc2+ Qe4 35. Qxe4+ Rxe4 36. Kg2 Rb4 37. Kf3 Rb3+ 1/2-1/2

[Event "CZE-chT2J 0203"]
[Site "Czech Republic"]
[Date "2003.??.??"]
[Round "2"]
[White "Houdek, Pavel"]
[Black "Marik, Petr"]
[Result "0-1"]
[WhiteElo "2043"]
[BlackElo "2140"]
[PlyCount "64"]
[EventDate "2002.10.??"]
[EventType "team"]
[EventRounds "11"]
[EventCountry "CZE"]
[SourceTitle "EXT 2007"]
[Source "ChessBase"]
[SourceDate "2006.11.23"]
[SourceVersion "1"]
[SourceVersionDate "2006.11.23"]
[SourceQuality "1"]

1. e4 c5 2. Nf3 d6 3. d4 cxd4 4. Nxd4 Nf6 5. Nc3 a6 6. Be2 e6 7. 0-0 Be7 8. Be3 Qc7 9. a3 Nbd7 10. Nb3 b5 11. f4 Bb7 12. Bf3 0-0 13. Qe1 Nb6 14. Nd2 Rfd8 15. Qf2 Nfd7 16. Rac1 Bf6 17. e5 Be7 18. Bxb7 Qxb7 19. exd6 Bxd6 20. Nce4 Be7 21. f5 e5 22. f6 gxf6 23. Qf5 Kh8 24. Rf3 Rg8 25. Rh3 Rg7 26. Bh6 Rg6 27. Nf3 Rag8 28. g3 Nc4 29. Rd1 Nc5 30. Nxc5 Bxc5+ 31. Kh1 Nd6 32. Qh5 Rxh6 0-1

[Event "CZE-chT2J 0203"]
[Site "Czech Republic"]
[Date "2002.??.??"]
[Round "2"]
[White "Roj, Miroslav"]
[Black "Houdek, Pavel"]
[Result "1/2-1/2"]
[WhiteElo "2173"]
[BlackElo "2043"]
[PlyCount "84"]
[EventDate "2002.10.??"]
[EventType "team"]
[EventRounds "11"]
[EventCountry "CZE"]
[SourceTitle "EXT 2007"]
[Source "ChessBase"]
[SourceDate "2006.11.23"]
[SourceVersion "1"]
[SourceVersionDate "2006.11.23"]
[SourceQuality "1"]

1. Nf3 Nc6 2. d4 d5 3. Bf4 Nf6 4. e3 e6 5. c4 Bd6 6. c5 Bxf4 7. exf4 0-0 8. Nc3 Ne4 9. Bd3 Qf6 10. Nxe4 dxe4 11. Bxe4 Qxf4 12. Bxc6 bxc6 13. 0-0 Ba6 14. Re1 Bc4 15. g3 Qg4 16. Ne5 Qxd1 17. Rexd1 Bd5 18. Rd2 Rfd8 19. b3 Rab8 20. f4 Rb4 21. Kf2 h5 22. Ke3 a5 23. Nd3 Rbb8 24. Rc1 f6 25. Rf2 Rd7 26. h3 Rbd8 27. Rc3 Rb8 28. Rb2 Rdd8 29. a3 Kf7 30. b4 a4 31. Rf2 Rg8 32. h4 Kg6 33. f5+ exf5 34. Nf4+ Kf7 35. Nxd5 cxd5 36. Rxf5 c6 37. Rxh5 Kg6 38. g4 Rge8+ 39. Kf3 Re4 40. Rd3 Re1 41. Kf2 Re4 42. Kf3 Re1 1/2-1/2

[Event "CZE-chT2J 0203"]
[Site "Czech Republic"]
[Date "2002.??.??"]
[Round "2"]
[White "Vanek, Petr"]
[Black "Houdek, Pavel"]
[Result "1/2-1/2"]
[WhiteElo "2197"]
[BlackElo "2043"]
[PlyCount "56"]
[EventDate "2002.10.??"]
[EventType "team"]
[EventRounds "11"]
[EventCountry "CZE"]
[SourceTitle "EXT 2007"]
[Source "ChessBase"]
[SourceDate "2006.11.23"]
[SourceVersion "1"]
[SourceVersionDate "2006.11.23"]
[SourceQuality "1"]

1. e4 e5 2. Nf3 Nc6 3. Bb5 a6 4. Ba4 d6 5. c3 f5 6. d3 Be7 7. 0-0 Nf6 8. exf5 Bxf5 9. Nh4 Bg4 10. f3 Bd7 11. f4 Nd5 12. Qh5+ g6 13. Nxg6 Nf6 14. Qh4 Nd5 15. Nxe7 Qxe7 16. Qh5+ Kd8 17. fxe5 Qxe5 18. Qxe5 Nxe5 19. Bg5+ Kc8 20. Bxd7+ Kxd7 21. d4 Nd3 22. c4 Rag8 23. Bd2 N5b4 24. Bxb4 Nxb4 25. Nc3 Nc2 26. Rf7+ Ke8 27. Raf1 Ne3 28. R1f2 Rxg2+ 1/2-1/2